| 000 | 00364nam a2200145Ia 4500 | ||
|---|---|---|---|
| 008 | 230917s9999||||xx |||||||||||||| ||und|| | ||
| 040 |
_e61218 _aMAIN |
||
| 041 | _aEnglish | ||
| 082 | _a880 V663T | ||
| 100 | _aVikers, Brian | ||
| 245 | 0 | _aTowards Greek tragedy: drama, myth, society | |
| 260 |
_aLondon _bLongman _c1979 |
||
| 300 | _axiii, 657 p. | ||
| 942 | _cBK | ||
| 999 |
_c218933 _d218933 |
||